• 首页
  • 本馆介绍
  • 公告通知
  • 最新文献
  • 馆藏检索
  • 电子资源
  • 读者导购
  • 参考咨询
  • 我的图书馆
  • 登录
  • 详细信息显示
  • 放入我的书架
  • 预约/预借图书
  • 作者相关作品
  • 分类相关作品
  • 丛书相关作品
  • 出版社相关作品

书目信息

  • 表格格式
  • 工作单格式
  • 卡片格式
题名:
常用英语同义词辨析
    
 
作者: 龚光期 编著
分册:  
出版信息: 合肥   安徽教育出版社  1984
页数: 413页
开本: 19cm
丛书名:
单 册:
中图分类: H313.2
科图分类:
主题词: 英语--同义词
电子资源:
ISBN:
000 00632nam0 2200229 45
001 0184003454
005 20060413094923.35
010    @dCNY1.08
091    @a7276.68
100    @a19950704d1984 em y0chiy0121 ea
101 0  @achi
102    @aCN@b340000
105    @ay z 000yy
200 10 @a常用英语同义词辨析@Achang yong ying yu tong yi ci bian xi@f龚光期等编著@FGong Guang Qi Deng Bian Zhu
210    @a合肥@c安徽教育出版社@d1984
215    @a413页@d19cm
606    @a英语@x同义词
690    @aH313.2@v3
701  0 @a龚光期@4编著
801  2 @aCN@bNLC@c20060413
801  0 @aCN@b上海图书馆@c20040506
905    @dH313.2@e240
    
    常用英语同义词辨析/龚光期等编著.-合肥:安徽教育出版社,1984
    413页;19cm
    
    
    ISBN :CNY1.08
    
●
相关链接 在E读中查询图书 在五车中查询图书 在当当中查询图书 在豆瓣中查询图书


正题名:常用英语同义词辨析     索取号:H313.2/240         预约/预借

序号 登录号 条形码 馆藏地/架位号 状态 备注
1 0109393   001379902   第四借阅区/ [索取号:H313.2/240] 在馆    
2 0109394   001379920   第四借阅区/ [索取号:H313.2/240] 在馆    
3 0109395   001379948   第二样本阅览室/ [索取号:H313.2/240] 在馆    
4 0178685   001379911   第四借阅区/ [索取号:H313.2/240] 在馆    
5 0178687   001386100   密集书库/ [索取号:H313.2/240] 在馆    
6 0178688   001379957   第四借阅区/ [索取号:H313.2/240] 在馆    
7 0178689   001379984   第四借阅区/ [索取号:H313.2/240] 在馆    
唐山师范学院图书馆 欢迎您!
大连网信软件有限公司© 版权所有